| 000 -LEADER |
| fixed length control field |
00426nam a2200169Ia 4500 |
| 003 - CONTROL NUMBER IDENTIFIER |
| control field |
OSt |
| 005 - DATE AND TIME OF LATEST TRANSACTION |
| control field |
20250617144209.0 |
| 008 - FIXED-LENGTH DATA ELEMENTS--GENERAL INFORMATION |
| fixed length control field |
250310s9999||||xx |||||||||||||| ||und|| |
| 020 ## - INTERNATIONAL STANDARD BOOK NUMBER |
| International Standard Book Number |
81 7371 146 1 |
| 040 ## - CATALOGING SOURCE |
| Transcribing agency |
. |
| 082 ## - DEWEY DECIMAL CLASSIFICATION NUMBER |
| Classification number |
954.054 |
| Item number |
K141 |
| 100 ## - MAIN ENTRY--PERSONAL NAME |
| 9 (RLIN) |
5988 |
| Personal name |
Kalam, A P J Abdul |
| 245 #0 - TITLE STATEMENT |
| Title |
Wings of fire / |
| Statement of responsibility, etc. |
A P J Abdul Kalam |
| 260 ## - PUBLICATION, DISTRIBUTION, ETC. |
| Place of publication, distribution, etc. |
Hyderabad : |
| Name of publisher, distributor, etc. |
Universities press, |
| Date of publication, distribution, etc. |
1999. |
| 300 ## - PHYSICAL DESCRIPTION |
| Extent |
180 p. |
| 942 ## - ADDED ENTRY ELEMENTS (KOHA) |
| Koha item type |
Books |
| Source of classification or shelving scheme |
|